Imanes /

Guardado en:
Autor Corporativo: Educable.
Formato: Deslizar
Materias:
Etiquetas: Agregar Etiqueta
Sin Etiquetas, Sea el primero en etiquetar este registro!
LEADER 00846ngm a22002415g 4500
001 CEM.cems022778
008 130507b2006##################0###0#####d
005 20241115171408.0
245 1 0 |a Imanes /  |c Educable 
300 |a 15'. 
500 |a En soporte VHS, consultar en ventanilla. 
505 0 |a Los imanes. Los polos. Líneas de fuerzas magnéticas. Campo magnético. Formación de imanes. La brújula. Campos magnéticos de la tierra. Viento solar. Las auroras. 
538 |a Soporte: VHS - Norma: Pal N - Color: Si - Grabación DRD 2006 - Hitachi=0900. 
110 2 |a Educable. 
082 5 3 |/ EDU 
653 |a FISICA 
653 |a IMANES 
653 |a MAGNETISMO 
653 |a POLOS 
653 |a BRUJULA 
653 |a NIVEL PRIMARIO 
653 |a NIVEL SECUNDARIO 
859 |a CEMS  |b BIB. CEMS - Depto. Recursos Didacticos  |h 530  |i EDU  |k DRD  |p 1421.12  |t Ej.1